| 000 | 00537nam a2200217Ia 4500 | ||
|---|---|---|---|
| 003 | OSt | ||
| 005 | 20230329095526.0 | ||
| 008 | 210423s2009 xx 000 0 und d | ||
| 020 | _a978-81-8094-019-4 | ||
| 040 | _cAL | ||
| 041 | _aeng | ||
| 082 |
_a576.163 _223 _bRAMF |
||
| 100 |
_aRAMESH (Vijaya K) _977912 |
||
| 245 | _aFood microbiology | ||
| 260 |
_aChennai _bMJP Publishers _c2009 |
||
| 300 |
_axx,802 _bPB |
||
| 365 |
_b795 _cINR |
||
| 650 |
_aFood Microbiology _977913 |
||
| 906 | _aFood ; microbiology | ||
| 942 |
_2ddc _cBK |
||
| 999 |
_c168819 _d168819 |
||